1355 1707 1257 1621 1457 1597 1418 1170 1817 1073 1000 1893 1785 1283 1632 1791 1514 1637 1667 1859 1004 1476 1276 1542 1028 1229 1949 1286 1508 1224 1534 1127 1512 1819 1021 1304 1133 1449 1427 1503 1608 1484 1855 1289 1339 1503 1527 1921 1394 1218 1418 1442 1302 1961 1884 1183 1196 1047 1438 1413 1850 1650 1546 1416 1310 1355 1156 1279 1688 1187 1704 1062 1038 1951 1445 1253 1280 1671 1474 1766 1721 1513 1919 1335 1032 1177 1894 1637 1349 1408 1953 1088 1565 1059 1847 1824 1947 1445 1128 BCNSPRNW ULIB Ver.6.0+V

เปลี่ยนเป็นภาษาไทย

Change to English
 แสดงรายละเอียดบรรณานุกรม
  กลับหน้าหลัก

Brief Record : Get Marc (ISO 2709) : E-mail record : QR code < ปิดหน้าต่าง
LEADER : 00000nam 2200000uu 4500
001    13399111983
003     ULIB
008    110627s2550||||th 000 0 tha d
020    9789747552447
090    นว.^bT111ต 2550
100 0  Tiara
245 00 ต่อรักเติมใจ/^cTiara
250    พิมพ์ครั้งที่ 2
260    กรุงเทพฯ :^bแจ่มใส,^c2550
300    236 หน้า
710 1  แจ่มใส
945    ^p149^l0^i022012
995    ทศพร
999 ^a ใช้งานได้ทุกระบบ
รายการนี้ยังไม่มีแท็ก
คุณยังไม่ได้ล็อกอิน คุณสามารถมีกิจกรรมร่วมกับเว็บไซต์ได้ แต่ต้องล็อกอินก่อน ::
  ล็อกอิน

รายการสื่อสารสนเทศ

ลำดับที่ ประเภท เลขเรียก/บาร์โค้ด สถานที่ สถานะ
- ไม่พบข้อมูล -

รายการใกล้เคียง
    ผู้แต่ง [Tiara]

BibComment


ยังไม่เคยถูกคอมเมนท์

คอมเมนท์ทรัพยากรรายการนี้
  คอมเมนท์: ต่อรักเติมใจ Tiara


 Copyright 2026. Bcnsprnw @Library